000 004670000a22001930004500
001 003234
003 MACL
005 20151205142726.0
008 151205b xxu||||| |||| 00| 0 eng d
040 _aMACL
_cMACL
041 _aEnglish
082 _a742
100 _aJhoshi, Jagdish
_919336
245 _aA Parcel For The Postmaster
_cJagdish Jhoshi
260 _aNational Book Trust
350 _a15
650 _aChildren's Book
_919337
942 _k742
_cBK
_2ddc
999 _c15140
_d15140